Harry Potter Mystery Passage 70 (Expert Level) Quiz Stats

 Plays Quiz not verified by Sporcle

Score 0/296 Timer 20:00
0 Plays Today
Answer % Correct
the
99%
the
99%
A
99%
the
99%
a
99%
Harry
99%
'and
99%
the
99%
the
99%
and
99%
a
99%
and
99%
Harry
99%
the
99%
the
99%
and
99%
the
99%
the
99%
Harry,
99%
a
99%
the
99%
to
97.9%
'I
97.9%
he
97.9%
'I
97.9%
I
97.9%
I
97.9%
he
97.9%
to
97.9%
He,
97.9%
to
97.9%
to
97.9%
He
97.9%
it
94.8%
an
94.8%
an
94.8%
in
94.8%
of
94.8%
it
94.8%
in
94.8%
an
94.8%
of
94.8%
in
94.8%
it,
94.8%
be
94.8%
it
94.8%
an
94.8%
it
94.8%
it?'
94.8%
an
94.8%
of
93.8%
his
93.8%
of
93.8%
of
93.8%
of
93.8%
His
93.8%
his
93.8%
of
93.8%
of
93.8%
his
93.8%
his
93.8%
do
93.8%
of
93.8%
do
93.8%
do
93.8%
of
93.8%
of
93.8%
of
93.8%
on
92.7%
is
92.7%
is
92.7%
is
92.7%
is
92.7%
is
92.7%
you
91.7%
that
91.7%
that
91.7%
was
91.7%
could
91.7%
you
91.7%
your
91.7%
you
91.7%
if
91.7%
was
91.7%
was
91.7%
was
91.7%
was
91.7%
was
91.7%
could
91.7%
you
91.7%
'you
91.7%
that
91.7%
you
91.7%
could
91.7%
that
91.7%
you
91.6%
said
90.6%
how
90.6%
said
90.6%
Answer % Correct
had
90.6%
no
90.6%
'How
90.6%
your
90.6%
said
90.6%
how
90.6%
had
90.6%
had
90.6%
had
90.6%
said
90.6%
not
89.6%
at
89.6%
Riddle,
89.6%
so
89.6%
not
89.6%
at
89.6%
Riddle
89.6%
Riddle.
89.6%
Slughorn,
88.5%
Horcrux
88.5%
Slughorn,
88.5%
would
88.5%
would
88.5%
Slughorn
88.5%
can't
87.5%
for
87.5%
their
87.5%
soul,
87.5%
see,'
87.5%
part
87.5%
for
87.5%
for
87.5%
but
86.5%
don't
86.5%
but
86.5%
Then,
86.5%
But
86.5%
but
86.5%
But
86.5%
'But
86.5%
too
86.5%
part
85.4%
soul.'
85.4%
part
85.4%
soul
85.4%
soul?'
85.4%
soul
85.4%
soul
85.4%
split
84.4%
one
84.4%
The Half-Blood Prince
84.4%
out
84.4%
been
84.4%
much
83.3%
much;
83.3%
understand
82.3%
has
82.3%
understand
82.3%
from
82.3%
split
82.3%
understand
82.3%
this
82.3%
looking
81.3%
object
81.3%
object
81.3%
my
81.3%
than
81.3%
than
81.3%
Tom,
81.3%
tell
81.3%
'well,
80.2%
'Well,
80.2%
'Well,'
80.2%
murder.
80.2%
'Well,'
80.2%
Just
79.2%
want
79.2%
act
78.1%
act
78.1%
act
78.1%
hide
77.1%
must
77.1%
with
76%
or
76%
work.
76%
which
75%
sir,'
75%
'By
75%
By
75%
body.
74%
very
74%
very,
74%
very
74%
hurt
72.9%
though,
72.9%
Killing
72.9%
works,
71.9%
body
71.9%
body.
71.9%
Answer % Correct
hide
71.9%
evil-
71.9%
evil.
71.9%
wanted
71.9%
give
70.8%
course.
70.8%
quite
70.8%
die,
70.8%
course,
70.8%
Horcruxes
70.8%
information
70.8%
voice
69.8%
face
69.8%
person
68.8%
even
66.7%
longer
66.7%
less
65.6%
less
65.6%
information
65.6%
two
64.6%
alive.'
64.6%
outside
63.5%
moment
63.5%
heard
62.5%
still,
62.5%
now
62.5%
remain
62.5%
excitement.
61.5%
before:
61.5%
trying
61.5%
people
61.5%
master
61.5%
Riddle's
60.4%
apart...'
60.4%
word
58.3%
experience
58.3%
recognize
58.3%
sense
57.3%
years
57.3%
Death
57.3%
cannot
56.3%
remains
56.3%
rips
56.3%
weeks.
56.3%
one's
54.2%
Slughorn's
54.2%
whole.
53.1%
committing
53.1%
used
52.1%
destroyed,
52.1%
pineapple,
50%
'...few
50%
few.
50%
ghost...
47.9%
words
46.9%
supposed
45.8%
himself
44.8%
ripped
44.8%
working
44.8%
toward
44.8%
overview,
43.8%
intact
43.8%
wheedle
42.7%
undamaged.
40.6%
against
40.6%
preferable.'
39.6%
Splitting
39.6%
nature.'
39.6%
spirit,
38.5%
meanest
38.5%
term.
37.5%
crystalized
36.5%
earthbound
35.4%
such
34.4%
perhaps
34.4%
box
33.3%
concealed
33.3%
found
32.3%
top
31.3%
remembering
30.2%
nearly
30.2%
reluctant
30.2%
carefully
29.2%
form...'
27.1%
expression
25%
fiddling
24%
attacked
24%
existence
22.9%
uncomfortably,
19.8%
ribbon
18.8%
controlled,
18.8%
greedy,
18.8%
violation,
18.8%
hunger
17.7%
longing.
17.7%
supreme
17.7%
crumpled
16.7%
apparent;
15.6%

You're not logged in!

Compare scores with friends on all Sporcle quizzes.
OR
Log In

Sporcle TV

Today on Sporcle TV


Watch our educational content, quiz creation guides, and fun videos on Sporcle TV.

Show Comments

Extras

Top Quizzes Today


Score Distribution

Your Account Isn't Verified!

In order to create a playlist on Sporcle, you need to verify the email address you used during registration. Go to your Sporcle Settings to finish the process.

Report this User

Report this user for behavior that violates our Community Guidelines.

Details: